000 00611nam a22001815i 4500
001 161610
003 ES-MaACL
005 20230906212325.0
008 950206s1894 sp |||| | spa d
040 _aGA
_bspa
_cCCPB | PA2
100 1 _aPedreira, Leopoldo.
_9130932
245 1 3 _aEl regionalismo en Galicia
_b: (estudio crítico) /
_cLeopoldo Pedreira.
260 _aMadrid :
_b[s.n.],
_c1894 (
_fEstablecimiento Tipográfico de La Linterna)
300 _a312 p. ;
_c19 cm.
650 4 _aRegionalismo-
_zGalicia.
_916753
852 _aES-MaACL
_jB-7119
_z-- Rúst.
852 _aES-MaACL
_jD-2491
_z-- Rúst.
999 _c161610
_d161610